000 00635nam a22002057a 4500
005 20260515115049.0
008 250227b |||||||| |||| 00| 0 eng d
020 _a9789358494556
040 _aIN-DiNC
_cIN-DiNC
041 _dasm
082 _a954
_bBHU
100 _aBhuyan, Pranjal
_eauthor
245 _aBharatbarshar itihas:
_bchaturtha khanda/1206-1526 (Major5)/
_cby Pranjal Bhuyan and Tachadduk Amanul Hussain
250 _a1st ed.
260 _aDibrugarh:
_bBanalata,
_c2025.
300 _a190p.
650 _aHistory of India: part iv/1206-1526 (Major5)
700 _aHussain, Tachadduk Amanul
_eauthor
942 _2ddc
_cBK
999 _c12051
_d12051